| 000 | 00517 a2200181 4500 | ||
|---|---|---|---|
| 003 | OSt | ||
| 005 | 20240208101636.0 | ||
| 008 | 240208b |||||||| |||| 00| 0 eng d | ||
| 020 | _a9789381788806 | ||
| 040 | _coclc | ||
| 082 |
_a894.8125 _bGOP/M |
||
| 100 |
_aGopal, O. V _910421 |
||
| 245 |
_aMAHANMARUDE KUMBHASARANGAL / _c O. V Gopal |
||
| 250 | _a1st ed. | ||
| 260 |
_aKozhikode: _bPappiyon Pablishers, _c2013. |
||
| 300 | _a194P. | ||
| 942 |
_2ddc _cBK _h894.8125 _iGOP/M _k894.8125 _mGOP/M |
||
| 999 |
_c44376 _d44376 |
||